|
|
|
|
| LEADER |
00000cam a2200000 a 4500 |
| 001 |
vtls001483937 |
| 003 |
SK-MaSNL |
| 005 |
20260302073711.0 |
| 008 |
240226s2004 xo frnp 000 0 slo |
| 015 |
|
|
|a SNBA2005/03-00872
|
| 020 |
|
|
|a 808040237X
|q (brožované)
|
| 035 |
|
|
|a SNK000439231
|
| 035 |
|
|
|a urn:nbn:sk:snk-am3iy79
|
| 035 |
|
|
|a FC03BA15-478A-43FE-ACAE-CFD025AF869E
|
| 035 |
|
|
|a urn:nbn:sk:snk-am00g4kq
|
| 040 |
|
|
|a SNK
|b slo
|c SNK
|e AACR2
|
| 041 |
0 |
|
|a slo
|
| 044 |
|
|
|a xo
|c SK
|
| 072 |
|
7 |
|a 364-1/-7
|x Druhy sociálnej pomoci a služieb
|2 konspekt
|
| 080 |
|
|
|a (075.8)
|2 2011
|
| 080 |
|
|
|a 364-78-154
|2 2011
|
| 100 |
1 |
|
|a Gurgová, Beata,
|d 1977-
|4 aut
|9 310720
|
| 245 |
1 |
0 |
|a Úvod do teórie a metodológie komunitnej práce
|c Beata Gurgová
|
| 250 |
|
|
|a 1. vyd.
|
| 260 |
|
|
|a Liptovský Mikuláš
|b Vojenská akadémia
|c 2004
|
| 300 |
|
|
|a 85 strán
|c 20 cm
|
| 366 |
|
|
|e 50 kusov
|
| 504 |
|
|
|a Bibliografia na strane 84-85
|
| 650 |
0 |
7 |
|a komunitná práca
|2 SNKPH
|9 68358
|
| 655 |
|
7 |
|a učebnice vysokých škôl
|2 SNKPH
|9 70191
|
| 919 |
|
|
|a 80-8040-237-X
|
| 958 |
|
|
|a NB
|
| 958 |
|
|
|a OND
|
| 999 |
|
|
|c 1162009
|d 1163939
|
| 952 |
|
|
|t P60, <03>, [BOOK], {603}, -K-
|a SNK
|b SNK
|y PREZ
|7 0
|p 17A0449446
|o snkSC 117707
|i snkKSP 13677/2004
|0 0
|1 0
|4 0
|d 2004-10-22
|f 1
|l 0
|r 2025-10-07 00:00:00
|w 2026-02-24
|
| 952 |
|
|
|t P60, <04>, [BOOK], {604}
|a SNK
|b SNK
|y VYP
|7 0
|p 17A0449447
|o snkSC 117707 D1
|i snkKSP 13678/2004
|0 0
|1 0
|4 0
|d 2004-10-22
|l 0
|r 2005-01-02 00:00:00
|w 2026-02-24
|